Portrait de l’artiste en travailleur. Métamorphose du capitalisme, Pierre-Michel MENGER, Paris, Seuil « La République des idées », 2002, 96 p. (notice n° 2224925)
[ vue normale ]
| 000 -LEADER | |
|---|---|
| fixed length control field | 01190cam a2200157 4500500 |
| 005 - DATE AND TIME OF LATEST TRANSACTION | |
| control field | 20260426014342.0 |
| 041 ## - LANGUAGE CODE | |
| Language code of text/sound track or separate title | fre |
| 042 ## - AUTHENTICATION CODE | |
| Authentication code | dc |
| 100 10 - MAIN ENTRY--PERSONAL NAME | |
| Personal name | Granier, François |
| Relator term | author |
| 245 00 - TITLE STATEMENT | |
| Title | Portrait de l’artiste en travailleur. Métamorphose du capitalisme, Pierre-Michel MENGER, Paris, Seuil « La République des idées », 2002, 96 p. |
| 260 ## - PUBLICATION, DISTRIBUTION, ETC. | |
| Date of publication, distribution, etc. | 2005.<br/> |
| 500 ## - GENERAL NOTE | |
| General note | 94 |
| 520 ## - SUMMARY, ETC. | |
| Summary, etc. | RésuméCet article s’appuie sur une recherche consacrée à la création, la diffusion et l’appropriation de l’ emas et de l’ iso 14001, deux normes conçues entre 1993 et 2003 et permettant la certification des entreprises en matière environnementale, sur le modèle de la certification « qualité ». L’auteur propose une analyse sociologique originale pour expliquer la concurrence entre ces deux normes puis la prédominance sur le territoire français de la norme iso, soutenue par des jeux acteurs et réseaux français, contrairement à la norme européenne emas. |
| 786 0# - DATA SOURCE ENTRY | |
| Note | Sociologies pratiques | 10 | 1 | 2005-03-01 | p. 137d-164d | 1235-9278 |
| 856 41 - ELECTRONIC LOCATION AND ACCESS | |
| Uniform Resource Identifier | <a href="https://shs.cairn.info/revue-sociologies-pratiques-2005-1-page-137d?lang=fr&redirect-ssocas=7080">https://shs.cairn.info/revue-sociologies-pratiques-2005-1-page-137d?lang=fr&redirect-ssocas=7080</a> |
Pas d'exemplaire disponible.




Réseaux sociaux